00459nam a2200169Ia 4500008004100000040001900041041001200060082002300072100002100095245003900116260003700155300002300192504001900215650001500234651002200249850001800271131103s9999 xx 000 0 und d aLoreto College aEnglish a150/DINbLCBkB/497 aDinkmeyer, Don C aChild developmentcDon C Dinkmeyer aNew DelhibPrentice - Hallc1967 aix,,434p. c 23cm. aIncludes index aPsychology aChild development aLCBkB/150/DIN